000 00710nam a2200217Ii 4500
003 JO-AjNU
008 230605s9999||||xx |||||||||||||| ||und||
017 _a1994/12/1367
040 _aJO-AjNU
_bara
_erda
_cJO-AjNU
041 _aara
050 1 4 _aKMM272.A44.S5264.1995
100 3 _aشطناوي، علي خطار ,
_eauthor
_946612
245 0 0 _aالقضاء الإداري الأردني
250 _aط1
264 3 1 _aعمان : المركز العربي للخدمات الطلابية ، 1994
300 _a764ص
336 _atext
_btxt
_2rdacontent
337 _aunmediated
_bn
_2rdamedia
338 _avolume
_bnc
_2rdacarrier
650 4 _aالقضاء الإداري -- الأردن
_946613
999 _aA20291
_c23859
_d23859